[Event "Bogota El Tablazo op-B"]
[Site "Bogota"]
[Date "2022.06.26"]
[Round "4.37"]
[White "Castellanos Pulido, Andres Felipe"]
[Black "Bareno Martinez, Raul Antonio"]
[Result "0-1"]
[WhiteElo "1600"]
[BlackElo "1603"]
[PlyCount "46"]
[EventDate "2022.06.24"]
[EventType "swiss"]
[EventRounds "7"]
[EventCountry "COL"]
[SourceTitle "EXT 2024"]
[Source "ChessBase"]
[SourceDate "2023.10.10"]
[SourceVersion "1"]
[SourceVersionDate "2023.10.10"]
[SourceQuality "1"]

1. d4 e6 2. c4 f5 3. Nc3 Bb4 4. Qc2 Nf6 5. Bg5 0-0 6. Nf3 d6 7. e3 b6 8. a3 Bxc3+ 9. Qxc3 Bb7 10. Be2 Qe8 11. Bxf6 Rxf6 12. 0-0 Rh6 13. Rad1 Be4 14. Rd2 Nd7 15. d5 e5 16. g3 Qg6 17. Kg2 Rf8 18. Rh1 Nf6 19. Bd3 Bxf3+ 20. Kxf3 e4+ 21. Bxe4 Qg4+ 22. Kg2 Nxe4 23. f3 Qh3+ 0-1

[Event "Bogota El Tablazo op-B"]
[Site "Bogota"]
[Date "2022.06.25"]
[Round "2.35"]
[White "Arenas Pinilla, Edwin"]
[Black "Castellanos Pulido, Andres Felipe"]
[Result "1-0"]
[WhiteElo "1434"]
[BlackElo "1600"]
[PlyCount "53"]
[EventDate "2022.06.24"]
[EventType "swiss"]
[EventRounds "7"]
[EventCountry "COL"]
[SourceTitle "EXT 2024"]
[Source "ChessBase"]
[SourceDate "2023.10.10"]
[SourceVersion "1"]
[SourceVersionDate "2023.10.10"]
[SourceQuality "1"]

1. d4 Nf6 2. Bf4 d5 3. e3 Bf5 4. Bd3 Bxd3 5. Qxd3 e6 6. Nf3 Bd6 7. Bg3 Nbd7 8. c3 c5 9. Bxd6 Ne4 10. Bxc5 Ndxc5 11. dxc5 0-0 12. b4 Qc7 13. Nbd2 f5 14. 0-0 Rf6 15. c4 Rd8 16. cxd5 Rxd5 17. Qc2 Rh6 18. Nxe4 fxe4 19. Qxe4 Rf5 20. g3 Qf7 21. Rad1 g5 22. Rd8+ Kg7 23. Qd4+ e5 24. Nxe5 Qh5 25. Ng4+ Rhf6 26. Nxf6 Rxf6 27. Rd6 1-0

[Event "Bogota El Tablazo op-B"]
[Site "Bogota"]
[Date "2022.06.24"]
[Round "1.24"]
[White "Castellanos Pulido, Andres Felipe"]
[Black "Pena Romero, Edwin Oswaldo"]
[Result "0-1"]
[WhiteElo "1600"]
[BlackElo "1733"]
[PlyCount "76"]
[EventDate "2022.06.24"]
[EventType "swiss"]
[EventRounds "7"]
[EventCountry "COL"]
[SourceTitle "EXT 2024"]
[Source "ChessBase"]
[SourceDate "2023.10.10"]
[SourceVersion "1"]
[SourceVersionDate "2023.10.10"]
[SourceQuality "1"]

1. d4 Nf6 2. c4 g6 3. Nc3 d5 4. Bg5 Ne4 5. Bh4 Bg7 6. Nf3 Nxc3 7. bxc3 c5 8. e3 Nc6 9. cxd5 Qxd5 10. Be2 cxd4 11. exd4 0-0 12. 0-0 Qa5 13. Qc2 Bf5 14. Bd3 Bg4 15. Be4 Rfc8 16. Bxc6 Rxc6 17. Qe4 Bxf3 18. Qxf3 Qxc3 19. Qxc3 Rxc3 20. Rac1 Rac8 21. Rb1 R3c7 22. Rfd1 e6 23. f3 b6 24. Rd2 Bh6 25. Rd3 Rc1+ 26. Rxc1 Rxc1+ 27. Kf2 Rc2+ 28. Kg3 g5 29. Bxg5 Bxg5 30. f4 Bf6 31. f5 Rxa2 32. Kf3 Ra4 33. fxe6 fxe6 34. Ke4 Rxd4+ 35. Rxd4 Bxd4 36. Kxd4 a5 37. Kc4 a4 38. Kb4 b5 0-1